=LDR 00000nam 2200000 4500 =001 NUTBA000000000005844 =005 20141112075421.0 =006 =007 =008 =020 ##$$a 978-979-1276-82-5 =035 ##$$a 0010-111400000000323 =040 ##$$a NBPDMAT =082 ##$$a 613 =090 ##$$a 613 $b Dod m =100 ##$$a R.W.Dodo =245 ##$$a Mataku sehat / $c R.W.Dodo & Elly Rochayati ; editor, Weni Rahayu =260 ##$$a Jakarta : $b Mediantara Semesta, $c 2009 =300 ##$$a vi, 38 hlm. : $b ilus. ; $c 24 cm. =500 ##$$a Bibliografi : hlm. 37 =650 ##$$a Kesehatan Mata - Bacaan Kanak - kanak =700 ##$$a Weni Rahayu =850 ##$$a NBPDMAT